<?xml version="1.0" encoding="UTF-8"?>
<marc:record xmlns:marc="http://www.loc.gov/MARC21/slim">
   <marc:leader>00000nam a2200000 a 4500</marc:leader>
   <marc:datafield ind1="1" ind2=" " tag="100">
      <marc:subfield code="a">Haberl-Kopplhuber Elfriede</marc:subfield>
      <marc:subfield code="4">aut</marc:subfield>
      <marc:subfield code="e">Verfasser/-in</marc:subfield>
   </marc:datafield>
   <marc:datafield ind1=" " ind2=" " tag="653">
      <marc:subfield code="a">s||?Schriftliche Hausarbeit</marc:subfield>
   </marc:datafield>
   <marc:datafield ind1=" " ind2=" " tag="653">
      <marc:subfield code="a">?Themenregal</marc:subfield>
   </marc:datafield>
   <marc:datafield ind1=" " ind2=" " tag="653">
      <marc:subfield code="a">?Zielgruppe</marc:subfield>
   </marc:datafield>
   <marc:datafield ind1=" " ind2=" " tag="653">
      <marc:subfield code="a">Premstätten</marc:subfield>
   </marc:datafield>
   <marc:datafield ind1=" " ind2=" " tag="653">
      <marc:subfield code="a">?Marketing / Allgemeines</marc:subfield>
   </marc:datafield>
   <marc:datafield ind1=" " ind2=" " tag="653">
      <marc:subfield code="a">?Öffentlichkeitsarbeit</marc:subfield>
   </marc:datafield>
   <marc:datafield ind1="0" ind2="0" tag="245">
      <marc:subfield code="a">"Taucht ein in unsere Themenwelten"</marc:subfield>
   </marc:datafield>
   <marc:datafield ind1="0" ind2="0" tag="245">
      <marc:subfield code="b">Einführung von Themenschwerpunkten</marc:subfield>
   </marc:datafield>
   <marc:datafield ind1="0" ind2="0" tag="245">
      <marc:subfield code="c">Elfriede Haberl-Kopplhuber</marc:subfield>
   </marc:datafield>
   <marc:datafield ind1=" " ind2="1" tag="264">
      <marc:subfield code="a">Premstätten</marc:subfield>
      <marc:subfield code="b">Öffentliche Bibliothek Premstätten</marc:subfield>
      <marc:subfield code="c">2024</marc:subfield>
   </marc:datafield>
   <marc:datafield ind1="1" ind2=" " tag="490">
      <marc:subfield code="a">HA-Lehrgang 5</marc:subfield>
   </marc:datafield>
   <marc:datafield ind1="1" ind2=" " tag="520">
      <marc:subfield code="a">Die vorliegende Projektarbeit befasst sich mit der Neueinführung von zeitlich begrenzten Themenschwerpunkten in der Bibliothek Premstätten. Die Themenauswahl erfolgte nach dem Interesse unserer Nutzer:innen, zur Wissenserweiterung, Information und Unterhaltung. Die Themen wurden im Zweimonatsrhythmus im Medienmix auf zwei Tischen, für Erwachsene bzw. Kinder- und Jugendliche, sowie auf einer großen Glasfläche vor dem Eingang der Bibliothek präsentiert. Wenn möglich wurden zum entsprechenden Thema neue Medien angeschafft und Veranstaltungen geplant. Dauer des Projekts war 1 Jahr mit anschließender Beurteilung. Die Grundlage des Projektes war eine eingehende Marketingplanung, angefangen mit der Analyse des Ist-Zustandes und abschließend mit der Kontrolle der gesteckten Ziele, den Bekanntheitsgrad, die Anzahl der Neuanmeldungen und Entlehnungen zu steigern.</marc:subfield>
   </marc:datafield>
   <marc:datafield ind1=" " ind2=" " tag="041">
      <marc:subfield code="a">ger</marc:subfield>
   </marc:datafield>
   <marc:datafield ind1=" " ind2=" " tag="300">
      <marc:subfield code="a">27 Seiten + Anhang, Illustrationen</marc:subfield>
   </marc:datafield>
</marc:record>
